Storm clouds gather on the horizon (Record no. 80516)

MARC details
000 -LEADER
fixed length control field 01096cab a22002055a 4500
001 - CONTROL NUMBER
control field L144553
008 - FIXED-LENGTH DATA ELEMENTS--GENERAL INFORMATION
fixed length control field 080728s2008 xxko f 000 0 eng d
035 ## - SYSTEM CONTROL NUMBER
System control number (Sirsi) u144553
041 0# - LANGUAGE CODE
Language code of text/sound track or separate title eng
100 1# - MAIN ENTRY--PERSONAL NAME
Personal name Collett, Alan
245 00 - TITLE STATEMENT
Title Storm clouds gather on the horizon
260 ## - PUBLICATION, DISTRIBUTION, ETC.
Date of publication, distribution, etc. 2008
490 ## - SERIES STATEMENT
Series statement Estates Gazette
Volume/sequential designation (0829) 26 July 2008, 80-82(3)
520 ## - SUMMARY, ETC.
Summary, etc. Discusses and analyses the expansion of the privately rented sector (PRS) from 1988 and indicates factors that may undermine supply and lead to further housing problems. These include tenancy deposit schemes, which the author suggests are an expensive and disproportionate way to manage disputes in the PRS and calls to increase the security of tenure of tenants and change the status of Short Assured Tenancies, which could lead to landlords exiting the market to avoid exposing themselves to reduced control over the tenancies they offer.
650 24 - SUBJECT ADDED ENTRY--TOPICAL TERM
Topical term or geographic name entry element GAS SAFETY (INSTALLATION AND USE) REGULATIONS 1998
650 24 - SUBJECT ADDED ENTRY--TOPICAL TERM
Topical term or geographic name entry element HOUSING ACT 1988
651 #4 - SUBJECT ADDED ENTRY--GEOGRAPHIC NAME
Geographic name United Kingdom
Chronological subdivision
690 ## - LOCAL SUBJECT ADDED ENTRY--TOPICAL TERM (OCLC, RLIN)
Topical term or geographic name as entry element Residential property
9 (RLIN) 6266
942 ## - ADDED ENTRY ELEMENTS (KOHA)
Suppress in OPAC 0
Holdings
Withdrawn status Lost status Source of classification or shelving scheme Damaged status Not for loan Home library Current library Shelving location Date acquired Total Checkouts Full call number Barcode Date last seen Copy number Price effective from Koha item type
    Dewey Decimal Classification     London London News article 28/07/2008   L144553 144553-1001 06/08/2019 1 06/08/2019 Journal article